000 00746nam a2200241 i 4500
001 bg
100 1 _aGWIAZDA, Adam
245 1 0 _aEkspansja zagranicznych koncernów handlowych /
_cAdam Gwiazda.
260 _aSłupsk :
_bWyższa Szkoła Zarządzania,
_c2003.
300 _a106 s. :
_bil. ;
_c23 cm.
504 _aBibliogr.
650 9 _aMonopole
_zPolska
_yod 1989 r.
650 9 _aPrzedsiębiorstwo handlowe
_zPolska
_yod 1989 r.
650 9 _aPrzedsiębiorstwo wielonarodowe
_zPolska
_yod 1989 r.
015 _aPB 8215/2003
020 _a8388473131
040 _cBPK
041 0 _apol
080 _a334.726+334.75+658.1/.5::339.1](438)"1989/..."
920 _a83-88473-13-1
942 _cKS
008 s pl f |000 0 pol
999 _c51259
_d51259
856 _uhttp://koha.tu.koszalin.pl/cgi-bin/koha/opac-detail.pl?biblionumber=51259
_yKatalog online BPK